00670nam a2200229 a 4500001001300000003000900013005001700022008004100039020001000080082001300090100002800103245002000131260005000151300000800201500003500209650002500244700002800269902000800297942000700305952011300312999001500425nice12345678IN_TiNIC20260116011826.0080417s2000 alla grp 000 0 urd  ac10000a291bKRI aKristanand, James Dayal aGeeta Awr Bible aAllahabadbNorth India Christian Tractsc2000 a62p aincludes index and biblioraphy aComparative Religion1 aKristanand, James Dayal bSRS cBK 001040708StackRoom-aHMIbHMId2008-04-17g100.00l0o291 KRIp06742r2008-04-17v100.00w2008-04-17yBK c4247d4247